000 00845nam a2200265 i 4500
001 12807
003 ES-MaACL
005 20230906150416.0
007 t|
008 961107s1995 sp |||| | spa d
020 _a84-7882-087-6
080 _a29
100 0 _aAlfonso de Madrigal.
_919863
245 1 0 _aSobre los dioses de los gentiles /
_cAlonso Fernández de Madrigal (El Tostado) ; edición y estudio preliminar de Pilar Saquero Suárez-Somonte y Tomás González Rolán.
250 _a1ª ed.
260 _aMadrid :
_bClásicas,
_c1995.
300 _aX, 307 p. ;
_c20 cm.
490 1 _aSeries maior
650 4 _aMitología.
_915092
700 1 _aSaquero Suárez-Somonte, Pilar.
_9103731
700 0 _aGonzález Rolán, Tomás.
_958928
830 0 _aSeries maior
_9179316
852 _aES-MaACL
_jL-20156
999 _c12807
_d12807